English-only Europe? : challenging language policy
Saved in:
| Main Author: | |
|---|---|
| Format: | Book |
| Language: | English |
| Published: |
London ; New York :
Routledge,
[c2003]
|
| Subjects: | |
| Tags: |
Add Tag
No Tags, Be the first to tag this record!
|
MARC
| LEADER | 00000cam a2200000 i 4500 | ||
|---|---|---|---|
| 001 | 1/7753 | ||
| 008 | 100525s2003 eng d | ||
| 020 | |a 978-0-415-28807-1 (pbk.) | ||
| 020 | |a 0-415-28807-x (pbk.) | ||
| 035 | |l 10107980 | ||
| 040 | |a GR-MY-UA |b gre |e aacr | ||
| 041 | 0 | |a eng | |
| 082 | 0 | |a 306.4494 |2 (22) | |
| 100 | 1 | |a Phillipson, Robert. | |
| 245 | 1 | 0 | |a English-only Europe? : |b challenging language policy / |c Robert Phillipson |
| 260 | |a London ; New York : |b Routledge, |c [c2003] | ||
| 300 | |a x, 240 σ.; |c 21 εκ. | ||
| 504 | |a Περιλαμβάνει βιβλιογραφίες και ευρετήριο | ||
| 610 | 2 | 0 | |a European Union. |
| 650 | 0 | 0 | |a Language policy |z Europe. |
| 650 | 0 | 0 | |a International agencies in Europe. |
| 650 | 0 | 0 | |a Multilingualism |z Europe. |
| 650 | 0 | 0 | |a English language |x Influence on foreign languages. |
| 651 | 0 | |a European Union countries |x Languages. | |
| 852 | |a INST |b RHODES |e 20100525 |h 306.4494 PHI |p 005400032815 |q 005400032815 |t BK |y 0 | ||
| 901 | |a BIBL4-2010-2 | ||
| 909 | |a Ρ |b 163278 | ||
| 970 | |a ΚΟΖΑ |b ΜΑΡΙΑ |z 2010/05/25 | ||